00349nam a2200097Ia 4500008004100000245009600041245001700137260000900154650003800163856005000201171204s9999 xx 000 0 und d aTaste of Persia: A Cook's Travels Through Armenia, Azerbaijan, Georgia, Iran, and Kurdistan cNaomi Duguid c2016 xCulinary Arts & Sciences with Lab uhttp://down.ebook777.com/030/1579655483TP.pdf